[Event "PRO League Pacific 2017"]
[Site "chess.com INT"]
[Date "2017.01.11"]
[Round "1"]
[White "Belous, Vladimir"]
[Black "Durham, Dan"]
[Result "1/2-1/2"]
[WhiteTitle "GM"]
[BlackTitle "FM"]
[WhiteElo "2564"]
[BlackElo "2229"]
[WhiteTeam "Rio Grande Ospreys"]
[BlackTeam "Las Vegas Desert Rats"]
[WhiteFideId "4174003"]
[BlackFideId "2001837"]
[EventDate "2017.01.11"]

1. d4 Nf6 2. c4 g6 3. Nc3 Bg7 4. e4 d6 5. Nf3 O-O 6. h3 c5 7. d5 e6 8. Bd3 exd5
9. exd5 Re8+ 10. Be3 Bh6 11. O-O Bxe3 12. fxe3 Nbd7 13. e4 a6 14. a4 Nh5 15. Qd2
Qe7 16. g4 Nhf6 17. Qh6 Ne5 18. Ng5 Nxd3 19. Rxf6 Qxf6 20. Qxh7+ Kf8 21. Rf1 Nf4
22. Qh6+ Kg8 23. Qh7+ Kf8 24. Qh6+ Kg8 25. Kh1 Re5 26. Nf3 Nxh3 27. Nh2 Qh8 28.
Qxh8+ Kxh8 29. Rxf7 Ng5 30. Rc7 Nxe4 31. Nf3 Re8 32. Nxe4 Rxe4 33. Ng5 Rxc4 34.
Nf7+ Kg8 35. Nxd6 Rc1+ 36. Kg2 Bxg4 37. Kg3 Be2 38. Kf4 Rd8 39. Ne4 Rf1+ 40. Kg5
Rxd5+ 41. Kxg6 Rg1+ 42. Kf6 Bd3 43. Rc8+ Kh7 44. Nxc5 Rg6+ 45. Ke7 Re5+ 46. Kf7
Rf5+ 47. Ke7 Rg7+ 48. Ke6 Rxc5 49. Rxc5 b5 50. a5 Bc4+ 51. Kd6 Rg6+ 52. Kc7 Bf7
53. Kb7 b4 54. Kc7 b3 55. Rc6 Rxc6+ 56. Kxc6 Kg7 57. Kc5 Kf6 58. Kb6 Bc4 59. Kc5
Bd3 60. Kb4 Bc2 61. Kc5 Ke5 62. Kb6 Bd3 63. Kc5 Ke6 64. Kd4 Be2 65. Kc5 Kd7 66.
Kb4 Bd1 67. Kc5 Kc7 68. Kd5 Be2 69. Kc5 Bf3 70. Kc4 Bd1 71. Kc5 Bh5 72. Kc4 Bf7+
73. Kc5 Bg8 74. Kb4 Kc6 75. Ka3 Bf7 76. Kb4 Be6 77. Ka3 Bd7 78. Kxb3 Kb5 79. Ka3
Be6 80. b4 Bc4 81. Kb2 Ka4 82. Kc3 Bb5 83. Kb2 Kxb4 84. Ka1 Kxa5 85. Kb2 Kb4 86.
Ka1 a5 87. Kb2 a4 88. Ka1 Kb3 89. Kb1 a3 90. Ka1 Bd3 1/2-1/2

[Event "PRO League Pacific 2017"]
[Site "chess.com INT"]
[Date "2017.01.11"]
[Round "1"]
[White "Tang, Andrew"]
[Black "Smail, Benedict A"]
[Result "1-0"]
[WhiteTitle "IM"]
[WhiteElo "2466"]
[BlackElo "2120"]
[WhiteTeam "Minnesota Blizzard"]
[BlackTeam "Portland Rain"]
[WhiteFideId "2059630"]
[BlackFideId "2050480"]
[EventDate "2017.01.11"]

1. d4 Nf6 2. c4 e6 3. Nc3 Bb4 4. Nf3 O-O 5. Bg5 c5 6. Rc1 d6 7. e3 Nbd7 8. Bd3
h6 9. Bh4 b6 10. O-O Bxc3 11. Rxc3 Bb7 12. Rc1 Qc7 13. Bb1 Be4 14. Bxe4 Nxe4 15.
Qd3 Ndf6 16. Rfd1 g5 17. Bg3 Nxg3 18. hxg3 Rad8 19. e4 e5 20. d5 a6 21. Nd2 Nd7
22. Nf1 Rb8 23. Ne3 b5 24. Nf5 Kh7 25. Qf3 Kg6 26. Kh2 Rh8 27. Rh1 Nf6 28. Kg1
h5 29. Nh4+ gxh4 30. Qf5+ Kg7 31. Qg5+ Kf8 32. Qxf6 Rh7 33. Rxh4 Qe7 34. Qf5 f6
35. Rxh5 Rxh5 36. Qxh5 Qf7 37. Qh8+ Qg8 38. Qxf6+ Qf7 39. Qxd6+ 1-0

[Event "PRO League Pacific 2017"]
[Site "chess.com INT"]
[Date "2017.01.11"]
[Round "1"]
[White "Tang, Andrew"]
[Black "Tarjan, James E"]
[Result "0-1"]
[WhiteTitle "IM"]
[BlackTitle "GM"]
[WhiteElo "2466"]
[BlackElo "2406"]
[WhiteTeam "Minnesota Blizzard"]
[BlackTeam "Portland Rain"]
[WhiteFideId "2059630"]
[BlackFideId "2000180"]
[EventDate "2017.01.11"]

1. d4 f5 2. Nf3 e6 3. g3 Nf6 4. Bg2 d5 5. O-O Bd6 6. c4 c6 7. b3 O-O 8. Ba3 Bxa3
9. Nxa3 Nbd7 10. Nc2 Qe7 11. Nce1 b6 12. Nd3 Bb7 13. Nfe5 Nxe5 14. dxe5 Ne4 15.
Qc2 c5 16. e3 Rad8 17. Rad1 d4 18. exd4 cxd4 19. f3 Nc3 20. Rd2 g5 21. Nf2 h5
22. Nd1 Nxd1 23. Qxd1 Qc5 24. Rd3 g4 25. Qd2 Rd7 26. f4 Be4 27. Rb1 Bxd3 28.
Qxd3 Qb4 29. Rd1 Rfd8 30. Kf2 Rc7 31. Bf1 b5 32. cxb5 Rc3 33. Qd2 d3 34. Qe3
Rc2+ 35. Kg1 Qd4 36. Qxd4 Rxd4 37. Rxd3 Rxd3 38. Bxd3 Rxa2 39. Bc4 Kf7 40. Kh1
h4 41. gxh4 Rf2 42. h5 Rxf4 43. h6 Rf3 0-1

[Event "PRO League Pacific 2017"]
[Site "chess.com INT"]
[Date "2017.01.11"]
[Round "1"]
[White "Cigan, Jason"]
[Black "Johnson, Frank B"]
[Result "0-1"]
[WhiteElo "2100"]
[BlackElo "2191"]
[WhiteTeam "Portland Rain"]
[BlackTeam "Minnesota Blizzard"]
[WhiteFideId "2064022"]
[BlackFideId "2026511"]
[EventDate "2017.01.11"]

1. e4 c5 2. Nf3 d6 3. d4 cxd4 4. Nxd4 Nf6 5. Nc3 a6 6. f3 e5 7. Nb3 Be6 8. Be3
Be7 9. Qd2 O-O 10. O-O-O Nbd7 11. g4 b5 12. g5 b4 13. gxf6 bxc3 14. Qxc3 Nxf6
15. Na5 Rc8 16. Nc6 Qe8 17. Nxe7+ Qxe7 18. Qa5 Rc6 19. Kb1 Rfc8 20. b3 Nh5 21.
Rg1 h6 22. Bxh6 Rxc2 23. Bxa6 Qa7 24. Qb5 Qf2 25. Qa4 Rb2+ 26. Ka1 Rcc2 0-1

[Event "PRO League Pacific 2017"]
[Site "chess.com INT"]
[Date "2017.01.11"]
[Round "1"]
[White "Cigan, Jason"]
[Black "Tang, Andrew"]
[Result "0-1"]
[BlackTitle "IM"]
[WhiteElo "2100"]
[BlackElo "2466"]
[WhiteTeam "Portland Rain"]
[BlackTeam "Minnesota Blizzard"]
[WhiteFideId "2064022"]
[BlackFideId "2059630"]
[EventDate "2017.01.11"]

1. e4 e5 2. Nf3 Nc6 3. Bb5 a6 4. Ba4 Nf6 5. O-O Be7 6. Re1 b5 7. Bb3 d6 8. c3
O-O 9. h3 Bb7 10. d4 Re8 11. Nbd2 Bf8 12. a4 h6 13. Bc2 exd4 14. cxd4 Nb4 15.
Bb1 c5 16. d5 Nd7 17. Ra3 c4 18. axb5 axb5 19. Nd4 Rxa3 20. bxa3 Nd3 21. Bxd3
cxd3 22. Re3 Nc5 23. Bb2 Qa5 24. Nf5 g6 25. Ng3 Qa4 26. Qf3 Bg7 27. Bxg7 Kxg7
28. Nh5+ gxh5 29. Qxh5 Qd4 30. Rf3 Qa1+ 31. Nf1 Rf8 32. Rg3+ Kh7 33. Qf5+ Kh8
34. Qh5 Qf6 35. Ne3 Nxe4 36. Rf3 Qg5 37. Qxg5 hxg5 38. Nf5 d2 39. Rd3 Rc8 40.
Kh2 Rc1 41. Ne3 Rh1+ 0-1

[Event "PRO League Pacific 2017"]
[Site "chess.com INT"]
[Date "2017.01.11"]
[Round "1"]
[White "Robson, Ray"]
[Black "Naroditsky, Daniel"]
[Result "1-0"]
[WhiteTitle "GM"]
[BlackTitle "GM"]
[WhiteElo "2675"]
[BlackElo "2646"]
[WhiteTeam "Webster Windmills"]
[BlackTeam "San Jose Hackers"]
[WhiteFideId "2023970"]
[BlackFideId "2026961"]
[EventDate "2017.01.11"]

1. e4 e5 2. Nf3 Nc6 3. Bb5 a6 4. Ba4 Nf6 5. O-O Be7 6. Re1 b5 7. Bb3 d6 8. c3
O-O 9. h3 Na5 10. Bc2 c5 11. d4 Nd7 12. d5 Nb6 13. Nbd2 Bd7 14. Nf1 Nb7 15. Ng3
g6 16. Bh6 Re8 17. Qc1 c4 18. Ng5 Nc5 19. f4 exf4 20. Qxf4 f6 21. Nf3 Bc8 22.
Nd4 Bf8 23. Rf1 Qd7 24. Rf2 Bb7 25. Raf1 Re5 26. Qh4 Bxh6 27. Qxh6 Rf8 28. Rxf6
Rxf6 29. Rxf6 Qe7 30. Rf2 Qg7 31. Qf4 Nc8 32. b4 cxb3 33. axb3 Re8 34. Rf3 b4
35. Ngf5 Qe5 36. Nh6+ Kg7 37. Qf7+ Kxh6 38. Nf5+ gxf5 39. Rxf5 Qxf5 40. exf5 Re2
41. Qf6+ 1-0

[Event "PRO League Pacific 2017"]
[Site "chess.com INT"]
[Date "2017.01.11"]
[Round "1"]
[White "Shabalov, Alexander"]
[Black "Bhat, Vinay S."]
[Result "0-1"]
[WhiteTitle "GM"]
[BlackTitle "GM"]
[WhiteElo "2563"]
[BlackElo "2519"]
[WhiteTeam "Pittsburgh Pawngrabbers"]
[BlackTeam "San Francisco Mechanics"]
[WhiteFideId "2008572"]
[BlackFideId "2011352"]
[EventDate "2017.01.11"]

1. e4 e6 2. d4 d5 3. e5 c5 4. c3 Nc6 5. Nf3 Qb6 6. a3 Nh6 7. b4 cxd4 8. cxd4 Nf5
9. Be3 g6 10. Bd3 Nxe3 11. fxe3 Bh6 12. Qe2 Bd7 13. Nc3 Ne7 14. g4 Rc8 15. Nd1
a5 16. b5 a4 17. O-O O-O 18. Rb1 Rc7 19. Nf2 Bg7 20. g5 Nf5 21. Ng4 Rc3 22. Nf6+
Bxf6 23. exf6 Rfc8 24. Ne5 Be8 25. Qf2 Qd6 26. h4 Qxa3 27. Ra1 Qb4 28. h5 Rb3
29. hxg6 fxg6 30. Bxf5 exf5 31. Qf3 Qd6 32. Rxa4 Bxb5 33. Raa1 Bxf1 34. Rxf1
Rbc3 35. Qh1 h5 36. gxh6 Kh7 37. f7 Rxe3 38. Qh4 Rxe5 39. dxe5 Qxe5 40. Re1 Qc3
41. f8=Q Rxf8 42. Qe7+ Kxh6 43. Qxf8+ Kh5 44. Qh8+ Qxh8 45. Re3 Qd4 46. Kf2 f4 0-1

[Event "PRO League Pacific 2017"]
[Site "chess.com INT"]
[Date "2017.01.11"]
[Round "1"]
[White "Shabalov, Alexander"]
[Black "Liou, Yian"]
[Result "1-0"]
[WhiteTitle "GM"]
[BlackTitle "IM"]
[WhiteElo "2563"]
[BlackElo "2414"]
[WhiteTeam "Pittsburgh Pawngrabbers"]
[BlackTeam "San Francisco Mechanics"]
[WhiteFideId "2008572"]
[BlackFideId "2039583"]
[EventDate "2017.01.11"]

1. Nf3 d5 2. b3 c5 3. e3 Nf6 4. d4 g6 5. Bb2 Bg7 6. dxc5 Qa5+ 7. Nbd2 O-O 8. Bd3
Qxc5 9. O-O Nc6 10. a3 a6 11. b4 Qd6 12. c4 Bg4 13. Qe2 Rad8 14. Rfd1 dxc4 15.
Nxc4 Qe6 16. Rac1 Ne4 17. Bxg7 Kxg7 18. h3 Bxf3 19. Qxf3 Nf6 20. Bf1 h5 21. Qf4
Rxd1 22. Rxd1 Rd8 23. Rxd8 Nxd8 24. Be2 b5 25. Qc7 Qd7 26. Qxd7 Nxd7 27. Na5 Kf6
28. f4 Nb6 29. Kf2 e5 30. Kf3 Ke6 31. Bd1 f5 32. e4 exf4 33. Kxf4 fxe4 34. Kxe4
Kf6 35. Bb3 g5 36. Kd4 Ne6+ 37. Bxe6 Kxe6 38. Nb7 Nc4 39. a4 Nd6 40. Nc5+ Kf5
41. a5 Kf4 42. Nxa6 Kg3 43. Nc7 Kxg2 44. a6 Nc8 45. Ne6 1-0

[Event "PRO League Pacific 2017"]
[Site "chess.com INT"]
[Date "2017.01.11"]
[Round "1"]
[White "Javakhadze, Zurab"]
[Black "Finegold, Benjamin"]
[Result "1/2-1/2"]
[WhiteTitle "IM"]
[BlackTitle "GM"]
[WhiteElo "2468"]
[BlackElo "2483"]
[WhiteTeam "Dallas Destiny"]
[BlackTeam "St Louis Arch Bishops"]
[WhiteFideId "13603647"]
[BlackFideId "2000261"]
[EventDate "2017.01.11"]

1. Nf3 d5 2. g3 c6 3. Bg2 Nf6 4. O-O Bf5 5. d3 e6 6. c4 Nbd7 7. Be3 h6 8. Nc3
Be7 9. Qb3 Qb8 10. Rac1 Bd6 11. Qa4 O-O 12. b4 a6 13. Qb3 Re8 14. Bd2 Bh7 15. a4
dxc4 16. Qxc4 e5 17. e4 Nf8 18. h3 Ne6 19. Be3 Rd8 20. a5 Bf8 21. Na4 Qd6 22.
Bb6 Re8 23. Rb1 Nd7 24. Be3 Nc7 25. Nc5 Rab8 26. d4 Ne6 27. Nxd7 Qxd7 28. Nxe5
Qe7 29. Nd3 Rbd8 30. Rbd1 Ng5 31. f3 Kh8 32. Nc5 f5 33. h4 Ne6 34. d5 cxd5 35.
exd5 Nc7 36. Bf2 Nb5 37. f4 Nd6 38. Qd3 Qf7 39. Ne6 Rc8 40. Bc5 Be7 41. Rfe1 Ne4
42. Bd4 Bf6 43. Nc5 Bxd4+ 44. Qxd4 Nxg3 45. d6 Ne2+ 46. Rxe2 Rxe2 47. d7 Rd8 48.
Kf1 Rc2 49. Nxb7 Rxd7 50. Qxd7 Qc4+ 51. Kg1 Qe2 52. Qd5 Qf2+ 53. Kh1 Qxh4+ 54.
Kg1 Qf2+ 55. Kh1 Qh4+ 56. Kg1 Qf2+ 1/2-1/2

[Event "PRO League Pacific 2017"]
[Site "chess.com INT"]
[Date "2017.01.11"]
[Round "1"]
[White "Javakhadze, Zurab"]
[Black "Akobian, Varuzhan"]
[Result "1-0"]
[WhiteTitle "IM"]
[BlackTitle "GM"]
[WhiteElo "2468"]
[BlackElo "2633"]
[WhiteTeam "Dallas Destiny"]
[BlackTeam "St Louis Arch Bishops"]
[WhiteFideId "13603647"]
[BlackFideId "13300580"]
[EventDate "2017.01.11"]

1. Nf3 d5 2. g3 c5 3. Bg2 Nc6 4. d4 e6 5. O-O Nf6 6. c4 Be7 7. cxd5 exd5 8. Nc3
O-O 9. Be3 c4 10. Ne5 Be6 11. Nxc6 bxc6 12. b3 Qa5 13. Bd2 Bb4 14. Rc1 Rfd8 15.
e3 Rac8 16. Qc2 c5 17. dxc5 Rc6 18. a3 Qxa3 19. bxc4 Bxc3 20. Bxc3 Qxc5 21. Bxf6
gxf6 22. Qb2 Qe7 23. cxd5 Rxc1 24. Rxc1 Bxd5 25. Bxd5 Rxd5 26. h4 h5 27. Qb8+
Rd8 28. Qb5 Qe5 29. Qc6 Qe6 30. Qc5 Qg4 31. Qxa7 Rd1+ 32. Rxd1 Qxd1+ 33. Kh2 Kg7
34. Qc7 Qd5 35. Qf4 Qe6 36. e4 Kg6 37. Kg2 Qe7 38. Qf5+ Kh6 39. Kf3 Qa3+ 40. Kg2
Qe7 41. Kh3 Qd8 42. e5 fxe5 43. Qxf7 Qc8+ 44. Kh2 Qc2 45. Qf6+ Kh7 46. Qe7+ Kg8
47. Qe8+ Kg7 48. Qxe5+ Kg8 49. Qg5+ Kf8 50. Qf4+ Kg8 51. Kg2 Qc6+ 52. Kf1 Qb5+
53. Ke1 Qb1+ 54. Ke2 Qb5+ 55. Kf3 Qd3+ 56. Qe3 Qf5+ 57. Kg2 Qd5+ 58. Qf3 Qc5 59.
Qe4 Kg7 60. Kf3 Qc3+ 61. Kf4 Qd2+ 62. Qe3 Qb4+ 63. Qe4 Qd2+ 64. Kf3 Qd1+ 65. Kg2 1-0

[Event "PRO League Pacific 2017"]
[Site "chess.com INT"]
[Date "2017.01.11"]
[Round "1"]
[White "Hilby, Craig"]
[Black "Tiglon, Bryce"]
[Result "1-0"]
[WhiteTitle "FM"]
[BlackTitle "FM"]
[WhiteElo "2334"]
[BlackElo "2312"]
[WhiteTeam "San Diego Surfers"]
[BlackTeam "Seattle Sluggers"]
[WhiteFideId "2062674"]
[BlackFideId "2087456"]
[EventDate "2017.01.11"]

1. e4 c5 2. Nf3 d6 3. d4 cxd4 4. Nxd4 Nf6 5. Nc3 a6 6. Be3 e5 7. Nf3 Qc7 8. a4
Be7 9. Be2 O-O 10. O-O Nbd7 11. Nd2 Nc5 12. b4 Nb3 13. Ra3 Qxc3 14. Rxb3 Qc7 15.
a5 d5 16. Bb6 Qd7 17. exd5 Nxd5 18. Nc4 Nxb4 19. Nxe5 Qf5 20. Nd3 Nc6 21. h3 Be6
22. Bg4 Qf6 23. Bxe6 Qxe6 24. Re1 Qd7 25. Qf3 Rfe8 26. Ne5 Nxe5 27. Rxe5 Bf6 28.
Rd3 Qa4 29. Rxe8+ Rxe8 30. Qxb7 Qxc2 31. Rd7 Qc4 32. Qd5 Qxd5 33. Rxd5 Ra8 34.
Rd7 Kf8 35. Kf1 Ke8 36. Rb7 Bd8 37. Ke2 Bxb6 38. axb6 a5 39. Rc7 Rb8 40. b7 Kd8
41. Rxf7 a4 42. Kd2 a3 43. Kc2 a2 44. Kb2 1-0

[Event "PRO League Pacific 2017"]
[Site "chess.com INT"]
[Date "2017.01.11"]
[Round "1"]
[White "Hilby, Craig"]
[Black "Margvelashvili, Giorgi"]
[Result "1/2-1/2"]
[WhiteTitle "FM"]
[BlackTitle "GM"]
[WhiteElo "2334"]
[BlackElo "2530"]
[WhiteTeam "San Diego Surfers"]
[BlackTeam "Seattle Sluggers"]
[WhiteFideId "2062674"]
[BlackFideId "13602926"]
[EventDate "2017.01.11"]

1. e4 a6 2. d4 b5 3. Bd3 e6 4. Ne2 c5 5. c3 Bb7 6. a4 b4 7. O-O bxc3 8. Nbxc3
cxd4 9. Nxd4 Nc6 10. Be3 Nb4 11. Bb1 Nf6 12. e5 Nfd5 13. Bd2 d6 14. exd6 Bxd6
15. Ne4 Be7 16. Qg4 g6 17. Qg3 O-O 18. Bg5 Bxg5 19. Nxg5 Qf6 20. Qh4 h5 21. Ra3
Qf4 22. Qxf4 Nxf4 23. g3 Rfd8 24. Ndf3 Nfd3 25. Rd1 Ne5 26. Rxd8+ Rxd8 27. Be4
Bxe4 28. Nxe4 Nxf3+ 29. Rxf3 Rd1+ 30. Kg2 Nd3 31. Nc3 Rd2 32. Kf1 Nxb2 33. Ke1
Rd4 34. a5 Nc4 35. Na4 Rd5 36. Rc3 Nxa5 37. Nc5 Rd6 38. Ra3 Nc4 39. Rxa6 Rxa6
40. Nxa6 Kg7 41. Nc5 Nd6 42. Ke2 e5 43. Ke3 Kf6 44. Kf3 Kf5 45. h3 e4+ 46. Ke3
Ke5 47. Nd7+ Ke6 48. Nc5+ Kd5 49. Nd7 f5 50. g4 fxg4 51. hxg4 h4 52. g5 Ke6 53.
Nc5+ Kf5 54. f3 exf3 55. Kxf3 Kxg5 56. Ne6+ Kh5 57. Nf4+ Kh6 58. Kg4 Nf5 59. Ng2
g5 60. Kxf5 h3 61. Ne3 Kh5 62. Ng4 Kh4 63. Nh2 Kg3 64. Ng4 Kh4 65. Nh2 Kg3 66.
Ng4 h2 67. Nxh2 Kxh2 68. Kxg5 1/2-1/2

[Event "PRO League Pacific 2017"]
[Site "chess.com INT"]
[Date "2017.01.11"]
[Round "1"]
[White "Heimann, Alexander C"]
[Black "Wheeler, Cameron"]
[Result "1-0"]
[BlackTitle "FM"]
[WhiteElo "2271"]
[BlackElo "2398"]
[WhiteTeam "Pittsburgh Pawngrabbers"]
[BlackTeam "San Francisco Mechanics"]
[WhiteFideId "2006073"]
[BlackFideId "2060531"]
[EventDate "2017.01.11"]

1. Nf3 d5 2. c4 c6 3. g3 Nf6 4. Bg2 g6 5. b3 Bg7 6. Bb2 O-O 7. O-O a5 8. cxd5
cxd5 9. Nc3 d4 10. Nb5 d3 11. e3 Nc6 12. Nfd4 Bg4 13. Qc1 Nxd4 14. Bxd4 Rc8 15.
Qa3 Rc2 16. Bc3 Nd5 17. Bxg7 Kxg7 18. Rfc1 Nb4 19. Rxc2 dxc2 20. Qb2+ Kg8 21. d4
Bd1 22. Bf1 Qd7 23. Nc3 Rc8 24. a3 Qc7 25. Nxd1 c1=Q 26. Rxc1 Qxc1 27. Qxc1 Rxc1
28. axb4 Rxd1 29. bxa5 Rb1 30. Kg2 Rxb3 31. a6 bxa6 32. Bxa6 Rc3 33. Bb7 Kg7 34.
Bf3 Kf6 35. h4 Ra3 36. Kg1 h6 37. Kg2 Ke6 38. Bb7 Kd6 39. Be4 Kc7 40. Bd5 f6 41.
Bf7 g5 42. hxg5 hxg5 43. Be6 Kb6 44. Kf3 Kb5 45. Ke4 Kb4 46. g4 Kc3 47. Kf5 Kd3
48. d5 Ke2 49. f4 Rxe3 50. fxg5 Rf3+ 51. Kg6 fxg5 52. Kxg5 Ke3 53. Kg6 Rf6+ 54.
Kg7 Kf4 55. Kh7 Kg5 56. Kg7 Kh4 57. Kh7 Kg5 58. Kg7 Rf4 59. Kh7 Kf6 60. Kh6 Ke5
61. g5 Rh4+ 62. Kg6 Rh1 63. Kf7 Rg1 64. g6 Kd6 65. g7 Rf1+ 66. Ke8 1-0

[Event "PRO League Pacific 2017"]
[Site "chess.com INT"]
[Date "2017.01.11"]
[Round "1"]
[White "Heimann, Alexander C"]
[Black "Wolff, Patrick G"]
[Result "0-1"]
[BlackTitle "GM"]
[WhiteElo "2271"]
[BlackElo "2564"]
[WhiteTeam "Pittsburgh Pawngrabbers"]
[BlackTeam "San Francisco Mechanics"]
[WhiteFideId "2006073"]
[BlackFideId "2000148"]
[EventDate "2017.01.11"]

1. Nf3 d5 2. c4 e6 3. g3 Nf6 4. Bg2 c6 5. O-O Nbd7 6. b3 Bd6 7. Bb2 O-O 8. d3
Re8 9. Nc3 e5 10. e4 d4 11. Ne2 c5 12. Nh4 Nb8 13. f4 exf4 14. Nxf4 Bxf4 15.
Rxf4 g5 16. Rxf6 Qxf6 17. Nf5 Bxf5 18. exf5 Nc6 19. Be4 Rxe4 20. dxe4 Re8 21.
Qf3 Ne5 22. Qe2 g4 23. Rf1 Nf3+ 24. Kh1 Qxf5 0-1

[Event "PRO League Pacific 2017"]
[Site "chess.com INT"]
[Date "2017.01.11"]
[Round "1"]
[White "Tarjan, James E"]
[Black "Bartholomew, John"]
[Result "0-1"]
[WhiteTitle "GM"]
[BlackTitle "IM"]
[WhiteElo "2406"]
[BlackElo "2447"]
[WhiteTeam "Portland Rain"]
[BlackTeam "Minnesota Blizzard"]
[WhiteFideId "2000180"]
[BlackFideId "2019353"]
[EventDate "2017.01.11"]

1. c4 c6 2. e4 d5 3. exd5 cxd5 4. d4 Nf6 5. Nc3 Nc6 6. Bg5 Be6 7. a3 g6 8. Bxf6
exf6 9. Be2 Bh6 10. Bf3 Ne7 11. cxd5 Nxd5 12. Nge2 O-O 13. O-O Rc8 14. Re1 f5
15. Qd3 a6 16. Rad1 b5 17. Nxd5 Bxd5 18. Nc3 Bb3 19. Ra1 Bc4 20. Qd1 Qd6 21. d5
Bg7 22. Rc1 b4 23. axb4 Qxb4 24. Qd2 Rfd8 25. h3 Rb8 26. Rb1 a5 27. Red1 a4 28.
Ra1 Bb3 29. Re1 Rbc8 30. Rac1 a3 31. Re3 Bh6 32. bxa3 Qxa3 33. Rce1 Bxe3 34.
Rxe3 Qc5 35. g3 Re8 36. Rxe8+ Rxe8 37. Kg2 Bc4 38. h4 h5 39. Kh2 Ba6 40. Kg2 Bb7
41. Ne2 Qd6 42. Nf4 Ra8 43. Qb2 Rb8 44. Qd4 Ba8 45. Kh2 Re8 46. Kg2 Rd8 47. Kh2
Bb7 48. Kg2 Ba8 49. Kh2 Rc8 50. Kg2 Bb7 51. Kh2 Qc5 52. Qd2 Qc2 53. Qd4 Qc3 54.
Qd1 Qb2 55. Kg2 Rc2 56. Qe1 Kg7 57. Qe3 Ba6 58. Nxh5+ gxh5 59. Qg5+ Kf8 60. Qd8+
Kg7 61. Qg5+ Kh8 62. Qh6+ Kg8 63. Qg5+ Qg7 64. Qxf5 Qg6 65. Qf4 Bd3 66. d6 Bf5
67. Qd4 Bd7 68. Be4 Qxe4+ 69. Qxe4 Bc6 70. Kf3 Kf8 71. Kf4 Bxe4 72. Kxe4 Rxf2
73. Kd5 Ke8 74. Kc6 Kd8 75. d7 Rf3 76. Kd6 Rxg3 77. Kc6 Rg6+ 78. Kd5 Kxd7 79.
Ke5 Rg4 80. Kf5 Rxh4 81. Kg5 Rh1 82. Kf4 Ke6 83. Kg3 Rg1+ 84. Kf2 Rg4 85. Kf3
Kf5 86. Kf2 h4 0-1

[Event "PRO League Pacific 2017"]
[Site "chess.com INT"]
[Date "2017.01.11"]
[Round "1"]
[White "Tarjan, James E"]
[Black "Nagle, Sean"]
[Result "1/2-1/2"]
[WhiteTitle "GM"]
[BlackTitle "IM"]
[WhiteElo "2406"]
[BlackElo "2423"]
[WhiteTeam "Portland Rain"]
[BlackTeam "Minnesota Blizzard"]
[WhiteFideId "2000180"]
[BlackFideId "2013878"]
[EventDate "2017.01.11"]

1. c4 g6 2. g3 Bg7 3. Bg2 d6 4. Nc3 Nf6 5. e4 c5 6. Nge2 Nc6 7. d3 O-O 8. O-O a6
9. h3 Rb8 10. a4 Ne8 11. Be3 e5 12. f4 exf4 13. gxf4 f5 14. Qd2 Nd4 15. Rab1 Bd7
16. b4 Nxe2+ 17. Nxe2 Qe7 18. a5 fxe4 19. dxe4 Bc6 20. Ng3 cxb4 21. Qxb4 Qh4 22.
Qe1 Nf6 23. c5 dxc5 24. Bxc5 Rf7 25. e5 Bxg2 26. Kxg2 Nd5 27. e6 Rxf4 28. e7
Rxf1 29. e8=Q+ Rxe8 30. Qxe8+ Rf8 31. Qe6+ Kh8 32. Qxd5 Rd8 33. Qe4 Qg5 34. Bf2
Qxa5 35. Rxb7 Qe5 36. Qxe5 Bxe5 37. Ne4 Rd5 38. Ng5 Kg8 39. Ne4 Rb5 40. Ra7 Rb4
41. Ng5 Rb2 42. Nf3 Bd6 43. Ra8+ Kf7 44. Kf1 Rb1+ 45. Ne1 Ra1 46. Ra7+ Ke6 47.
Rxh7 Kf5 48. Kg2 Ra2 49. Nd3 Rd2 50. Rf7+ Ke6 51. Rf3 a5 52. Nf4+ Kd7 53. Nxg6
a4 54. Rf5 a3 55. Ra5 a2 56. Kf3 Kc6 57. h4 Bb4 58. Ne5+ Kb7 59. Ra4 Bc3 60. Nc4
Rxf2+ 61. Kxf2 a1=Q 62. Rxa1 Bxa1 63. Ke3 Kc6 64. Ke4 Kd7 65. Kf5 Ke7 66. Kg6
Kf8 67. Nd6 Kg8 68. h5 Kf8 69. h6 Bb2 70. Nf7 Bc1 71. h7 Bb2 72. Ng5 Bh8 73.
Ne6+ Ke7 74. Ng5 Kf8 75. Kh6 Ke7 76. Kg6 Kf8 77. Nf7 Ba1 78. Nh6 Bh8 79. Ng8 Ke8
80. Nf6+ Kf8 81. Nh5 Ke8 82. Nf4 Kf8 83. Ne6+ Ke7 84. Ng5 Kf8 85. Kh5 Kg7 86.
Kh4 Kg6 87. Kg4 Kg7 88. Kh5 Kf8 89. Kg6 Ke7 90. Nf7 Ba1 91. Ng5 Bh8 92. Nf7 Ba1
93. Nh6 Kf8 94. Ng4 Bh8 95. Nf6 Ke7 96. Ng8+ Kf8 97. Nh6 Ba1 98. Nf5 Bh8 99. Nd6
Ba1 100. Nf7 Bb2 101. Ng5 Bh8 1/2-1/2

[Event "PRO League Pacific 2017"]
[Site "chess.com INT"]
[Date "2017.01.11"]
[Round "1"]
[White "Bhat, Vinay S."]
[Black "Xu, Grant Y"]
[Result "1-0"]
[WhiteTitle "GM"]
[WhiteElo "2519"]
[BlackElo "2193"]
[WhiteTeam "San Francisco Mechanics"]
[BlackTeam "Pittsburgh Pawngrabbers"]
[WhiteFideId "2011352"]
[BlackFideId "2052318"]
[EventDate "2017.01.11"]

1. d4 Nf6 2. c4 e6 3. Nf3 a6 4. Nc3 Bb4 5. Qc2 O-O 6. e4 Bxc3+ 7. bxc3 d6 8. Bg5
h6 9. Bh4 e5 10. Bd3 Nc6 11. h3 Re8 12. O-O g5 13. Bg3 exd4 14. Nxd4 Ne5 15. Be2
c5 16. Nf5 Bxf5 17. exf5 Qc7 18. f4 Nc6 19. Bf3 Rad8 20. fxg5 hxg5 21. Qd2 Nh7
22. f6 Ne5 23. Bd5 Kh8 24. Rab1 Rb8 25. Rf5 Rg8 26. Qe2 Qd7 27. Rbf1 Ng6 28. Qh5
Qe8 29. Re1 Qd7 30. Rxg5 Ne5 31. Rg7 Rxg7 32. fxg7+ Kg8 33. Bxe5 dxe5 34. Rf1 1-0

[Event "PRO League Pacific 2017"]
[Site "chess.com INT"]
[Date "2017.01.11"]
[Round "1"]
[White "Bhat, Vinay S."]
[Black "Heimann, Alexander C"]
[Result "1-0"]
[WhiteTitle "GM"]
[WhiteElo "2519"]
[BlackElo "2271"]
[WhiteTeam "San Francisco Mechanics"]
[BlackTeam "Pittsburgh Pawngrabbers"]
[WhiteFideId "2011352"]
[BlackFideId "2006073"]
[EventDate "2017.01.11"]

1. d4 Nf6 2. Bg5 d5 3. Nd2 Bf5 4. e3 e6 5. Ngf3 Nbd7 6. Bd3 Bg6 7. Ne5 Be7 8.
Nxg6 hxg6 9. h3 c6 10. Bf4 Nb6 11. Nf3 Bd6 12. Ne5 Qc7 13. O-O Nbd7 14. Nxd7
Nxd7 15. Bxd6 Qxd6 16. c4 O-O 17. Qe2 Rad8 18. c5 Qc7 19. f4 b6 20. b4 a5 21. a3
Ra8 22. Rfc1 b5 23. a4 bxa4 24. b5 cxb5 25. Bxb5 Rfb8 26. Rxa4 Nf6 27. Ra3 Ne4
28. Bd3 Ng3 29. Qe1 Nf5 30. Rca1 Ra7 31. Bxf5 exf5 32. Rxa5 Rab7 33. Ra8 Qe7 34.
c6 Rb2 35. Qc3 Kh7 36. Rxb8 Rxb8 37. c7 Rc8 38. Rc1 g5 39. fxg5 Qxg5 40. Qd3 g6
41. Rc5 Qg3 42. Qc3 f4 43. e4 f3 44. Qxf3 Qe1+ 45. Kh2 Kg7 46. exd5 Qd2 47. d6 1-0